| 000 | 00413nam a2200145Ia 4500 | ||
|---|---|---|---|
| 008 | 230917s9999||||xx |||||||||||||| ||und|| | ||
| 040 |
_e82809 _aMAIN |
||
| 041 | _aEnglish | ||
| 082 | _a150.954 P192P | ||
| 100 | _aPandey, Janak, ed. | ||
| 245 | 0 | _aPsychology in India: The state-of-the-art. V1 - Personality and mental process | |
| 260 |
_aNew Delhi _bSage Publications _c1988 |
||
| 300 | _a357 p. | ||
| 942 | _cBK | ||
| 999 |
_c64375 _d64375 |
||